No B.S. ruthless management of people & profits
| Main Author: | |
|---|---|
| Format: | Book |
| Published: |
s.l. :
Entrepreneur Press ,
2008
|
| Subjects: |
MARC
| LEADER | 00000cam a2200000 7i4500 | ||
|---|---|---|---|
| 001 | 0000125219 | ||
| 005 | 20240905095650.0 | ||
| 020 | |a 1599181657 | ||
| 090 | 0 | 0 | |a 658 |b KEN |
| 100 | 1 | |a Kennedy, Dan | |
| 245 | 1 | 0 | |a No B.S. ruthless management of people & profits |c Dan Kennedy |
| 260 | |a s.l. : |b Entrepreneur Press , |c 2008 | ||
| 300 | |a 349p. ; |c 19cm. | ||
| 650 | 0 | 0 | |a Management |
| 650 | 0 | 0 | |a Supervision of employees |
| 999 | |a 00220188 |b BUKU |c PINJAMAN |e PERPUSTAKAAN KOMUNITI PETALING JAYA | ||